000
00243nam a2200097Ia 4500
005
20251222175817.0
008
251222s9999||||xx |||||||||||||| ||spa||
082
_a
DVD0070/S75/2011
245
0
_a
Caballo de guerra:Caballo de batalla
942
_c
DVD
999
_c
40348
_d
40348